000 00444 a2200133 4500
001 ART_46583
005 20260410161827.0
008 260409a
245 1 0 _aComparación entre el índice MERCO de reputación corporativa e indicadores de popularidad web
100 1 _aZanfrillo, Alicia I.
700 1 _aArtola, María A.
700 1 _aMorettini, Mariano
773 0 _tFACES
_g- Año 22, Nº 47 (jul./dic. 2016)
_wREV5046
999 _c22884
_d22884